| 000 | 00457nam a2200181Ia 4500 | ||
|---|---|---|---|
| 003 | GCL | ||
| 008 | 140319s9999 xx 000 0 eng d | ||
| 040 |
_aGCL / _cGCL |
||
| 082 | 0 | 4 |
_a591 _bH I |
| 100 | 1 | _aROBERTS, LARRY | |
| 245 | 1 | 0 |
_aINTEGRATED PRINCIPLES OF 200 LOGY / _cROBERTS, LARRY |
| 700 | 1 | _aLARSON, ALLAN | |
| 700 | 1 | _aHICKMAN, CLEVPLANDP. | |
| 260 |
_a[S.N] : _bMOSBY ، _c1993 |
||
| 300 | _a983 P | ||
| 650 | 0 | 4 | _aفلاش |
| 942 |
_2ddc _cBK |
||
| 999 |
_c23415 _d23415 |
||